<The> Polish labour code <the> law is stated as at 1st june, 1998

Uložené v:
Podrobná bibliografia
Médium: Kniha
Jazyk:English
Vydavateľské údaje: Warsaw TEPIS 1998
Vydanie:4. ed.
Predmet:
Tagy: Pridať tag
Žiadne tagy, Buďte prvý, kto otaguje tento záznam!

MARC

LEADER 00000nam a2200000 4500
001 c123609
005 20240229122110.4
020 |a 83-85430-50-4 
041 0 |a eng 
044 |a PL 
245 1 0 |a <The> Polish labour code  |b <the> law is stated as at 1st june, 1998  |c General editor: Danuta Kierzkowska ; Translators: Hanna Husak and Marek Gizmajer 
250 |a 4. ed. 
264 1 |a Warsaw  |b TEPIS  |c 1998 
300 |a 102 s. 
610 2 0 |a legislatíva 
610 2 0 |a predpisy právne 
610 2 0 |a zákonník práce 
610 2 0 |a Poľsko